Animals With A Specific Syllable - Statistics

General Stats
  • This quiz has been taken 69 times
  • The average score is 5 of 12
Answer Stats
XXX Hint Answer % Correct
LOT Proverbial laziness Sloth
71%
DIL The animal-tank Armadillo
67%
DIL After 'while ... Crocodile
67%
DOL Understands grammar Dolphin
67%
TUL Arachnophobia Tarantula
67%
LAT God just couldn't decide Platypus
51%
TEL Outruns cheetahs (sometimes) Antelope
39%
LOT Hunted for fur Ocelot
39%
LID Mammal that can fly Glider
24%
LOT Doesn't become mature Axolotl
18%
TIL Long bill and legs Stilt
12%
TAL Alias spotted dear Chital
8%
No matching quizzes found
Score Distribution
Percent of People with Each Score
Percentile by Number Answered
Your Score History
You have not taken this quiz